Qui porte quel prénom ? #2 - Statistiques

Statistiques générales
  • Ce quiz a été pris 121 fois
  • Le résultat moyen est 6 sur 10
Statistiques - réponses
Question Réponse % Correct
Qui ne porte pas le prénom Audrey ?
82%
Qui ne porte pas le prénom Virginie ?
74%
Qui ne porte pas le prénom Catherine ?
67%
Qui ne porte pas le prénom Françoise ?
62%
Qui ne porte pas le prénom Nathalie ?
57%
Qui ne porte pas le prénom Laetitia ?
52%
Qui ne porte pas le prénom Elisabeth ?
50%
Qui ne porte pas le prénom Elodie ?
49%
Qui ne porte pas le prénom Stéphanie ?
44%
Qui ne porte pas le prénom Chloé ?
43%
Aucun quiz correspondant
Distribution des résultats
% des personnes avec chaque résultat
Percentile par nombre de réponses
Votre historique - résultats
Vous n’avez pas pris ce quiz